Cesty zvyšování efektivnosti vnitřního obchodu

Guardado en:
Detalles Bibliográficos
Autor principal: Šimková, Marie
Formato: Libro
Lenguaje:checo
Publicado: Praha Výzkumný ústav obchodu 1985
Colección:Knižnice VÚO 196
Etiquetas: Agregar Etiqueta
Sin Etiquetas, Sea el primero en etiquetar este registro!

MARC

LEADER 00000nam a2200000 4500
001 c104752
005 20251110132002.0
041 0 |a cze 
044 |a CZ 
245 1 0 |a Cesty zvyšování efektivnosti vnitřního obchodu  |c Marie Šimková 
264 1 |a Praha  |b Výzkumný ústav obchodu  |c 1985 
300 |a 43 s. 
490 1 |a Knižnice VÚO  |v 196 
830 0 |a Knižnice VÚO  |v 196 
100 1 |a Šimková, Marie